000 00952nam a2200229 i 4500
001 167969
003 ES-MaACL
005 20260310170605.0
008 051003s1862 gw |||| | ger d
100 1 _aWolff, Adolf.
_9133955
245 1 0 _aPantheon des classischen alterthums
_b: eine auswhl des vollendetsten aus den sämmtlichen classikern der Griechen und Römer in den besten deutschen uebersetzungen ... /
_cherausgegeben von Adolf Wolff.
260 _aBerlin :
_bverlag von Gustav Hempel,
_c1862.
300 _a899 p. :
_bil. ;
_c26 cm.
490 1 _aDie classiker aller beiten und nationen ;
_v2
594 _aTexto en letra gótica.
650 7 _aLiteratura clásica
_2embne
_914524
700 1 _aHempel, Gustav.
_9127846
752 _aAlemania -
_dBerlín
830 0 _aDie Classiker aller Zeiten und Nationen
_v2
_9188776
852 _aES-MaACL
_jG-1192
_z- Enc. hol.
_z. - Ex-libris de C. Ruedl
999 _c167969
_d167969